Statistiques concernant Trivia Test - Neymar

Cliquez ici pour prendre le quiz!

Statistiques générales

  • Ce quiz a été pris 169 fois
    (90 depuis la dernière actualisation)
  • Le résultat moyen est 10 sur 15

Statistiques - réponses

QuestionRéponse% Correct
Pour combien d'euros le PSG là fait-il venir du Barça?222 millions d'euros
87%
Quel est la date de naissance de Neymar?5 février 1992
86%
Qui est la petite copine de Neymar avec qui il attend un enfant (en 2023)Bruna Biancardi
85%
Quel est le pied fort de NeymarDroit
83%
De quel jeu de carte Neymar c'est-il inspiré pour prénnomé un de ses 3 chiens.Le poker
83%
Quelle langue Neymar ne parle t'il pas parmi celle-ciChinois
76%
Une docusérie est sortie sur netflix portant comme sujet la vie et la carrière footballistique de Neymar. Quel était son titre?Neymar, le chaos parfait
72%
En quelle, année est-il sacré meilleur joueur de ligue 12017- 2018
67%
En quelle année remporte t'il avec le Brésil la coupe des confédérations2013
64%
Nombre de followers sur instagram:211 M followers
60%
Qui héritera du numéro 10 de Neymar?Rodrygo
55%
Combien de fois Neymar a-t'il remporté le samba d'or (meilleur joueur brésilien évoluant en Europe) ?6
53%
Quel est le nom de son filsDavi Lucca da Silva Santos
47%
Nombre de but inscrit à la coupe du monde 20222
32%
Comment la mère de Neymar voulait-elle appelé son fils?Matheus
23%

Distribution des résultats

Percentile par nombre de réponses

% des personnes avec chaque résultat

Votre développement - résultats

Vous n’avez pas pris ce quiz depuis la dernière actualisation